Omnia D. Basilii Magni archiepiscopi Caesareae Capadociae, quae ad nos extant, opera, iuxta argumentorum congruentiam in tomos distincta quatuor, ab Iano Cornario medico physico Zuiccaviensi interpretata, iterumq[ue] recognita & castigata, ac duobus libris contra Eunomii apologeticum aucta: quorum ordinem & catalogum versa pagina docet. In calce subiectus est index rerum omnium copiosis

Detalles Bibliográficos
Autor principal: Basilio, santo, el grande, arz. de Cesarea, 300-379
Otros Autores: Cornarius, Janus, 1500-1558, com. y tr, Episcopius, Nikolaus, fl. 1529-1569, ed, Froben, Hieronymus, 1501-1563, impr. y ed
Formato: Libro
Lenguaje:Latin
Publicado: Basileae : [Froben], 1552.
Materias:
Colección:Banco de datos
Acervo:Universidad Autónoma Benito Juárez de Oaxaca. Biblioteca Francisco de Burgoa. Colección antigua
Descripción Física:[4] h., 787 p., [12] h. ; f°
Tema general:Patrología
Notas:Portada tipográfica con marca del impresor en grabado xilográfico. Portada expurgada (2717). Texto a renglón seguido con paginación en números arábigos, apostillas marginales, cornisas, reclamos y signaturas. Colofón: Basileae per Hieronymi Frobenium et Nicolaum Episcopum Anno M. D. LII. Encuadernación en pergamino (2553, 2717). Marca de fuego: Casa del Noviciado de la Compañía de Jesús de Oaxaca, Oax. (2553, 2717). Marca de fuego: Convento de Santo Domingo de Oaxaca, Oax. (2717). Nota de expurgo: "fue corregido y enmendado este libro por fr. Honorato ... Navarro ... en theologia y corrector de libros por mandado del Sto. Officio de la ... de la Nueva España segun el indice postrero ... 1607. Fr. Honorato de Navarro" (2553). Nota de expurgo: "Iano Cornario, auctore damnato" (2717). Nota de expurgo: "en virtud de comission del Sto. Officio y segun el expurgatorio de el año de 1707. expurgue este libro en Guaxa. a 24 de mayo de 1717. Fr. Leonardo Levanto" (2717). Daños por polilla (2553, 2717)
LEADER 02516nam a22002410004500
035 |a 710 
041 0 |a lat 
100 1 |a Basilio, santo, el grande, arz. de Cesarea, 300-379 
245 1 0 |a Omnia D. Basilii Magni archiepiscopi Caesareae Capadociae, quae ad nos extant, opera, iuxta argumentorum congruentiam in tomos distincta quatuor, ab Iano Cornario medico physico Zuiccaviensi interpretata, iterumq[ue] recognita & castigata, ac duobus libris contra Eunomii apologeticum aucta: quorum ordinem & catalogum versa pagina docet. In calce subiectus est index rerum omnium copiosis 
260 |a Basileae : [Froben], 1552. 
300 |a [4] h., 787 p., [12] h. ; f° 
500 |a Portada tipográfica con marca del impresor en grabado xilográfico. Portada expurgada (2717). Texto a renglón seguido con paginación en números arábigos, apostillas marginales, cornisas, reclamos y signaturas. Colofón: Basileae per Hieronymi Frobenium et Nicolaum Episcopum Anno M. D. LII. Encuadernación en pergamino (2553, 2717). Marca de fuego: Casa del Noviciado de la Compañía de Jesús de Oaxaca, Oax. (2553, 2717). Marca de fuego: Convento de Santo Domingo de Oaxaca, Oax. (2717). Nota de expurgo: "fue corregido y enmendado este libro por fr. Honorato ... Navarro ... en theologia y corrector de libros por mandado del Sto. Officio de la ... de la Nueva España segun el indice postrero ... 1607. Fr. Honorato de Navarro" (2553). Nota de expurgo: "Iano Cornario, auctore damnato" (2717). Nota de expurgo: "en virtud de comission del Sto. Officio y segun el expurgatorio de el año de 1707. expurgue este libro en Guaxa. a 24 de mayo de 1717. Fr. Leonardo Levanto" (2717). Daños por polilla (2553, 2717)  
504 |a Al principio de la obra están el índice de general de la obra y el índice de contenido del tomo  
504 |a Al final de la obra están el índice de las voces, sentencias necesarias, proverbios y lugares de las Sagradas Escrituras y la fe de erratas 
600 1 4 |a Basilio, santo, el grande, arz. de Cesarea, 300-379-Obras 
650 1 0 |a Patrología 
700 1 |a Cornarius, Janus, 1500-1558, com. y tr. 
700 1 |a Episcopius, Nikolaus, fl. 1529-1569, ed. 
700 1 |a Froben, Hieronymus, 1501-1563, impr. y ed. 
852 |a Universidad Autónoma "Benito Juárez" de Oaxaca, Biblioteca Francisco de Burgoa, Colección antigua 2553, 2717 
942 |c BURANT 
943 |g Universidad Autónoma Benito Juárez de Oaxaca. Biblioteca Francisco de Burgoa. Colección antigua 
999 |c 1111721  |d 1111721